Normal view
MARC view
- Nahajan, S. / Kulkarni, M
Entry Personal Name
001 - CONTROL NUMBER
- control field: 63008
003 - CONTROL NUMBER IDENTIFIER
- control field: OSt
005 - DATE AND TIME OF LATEST TRANSACTION
- control field: 20220806110606.0
008 - FIXED-LENGTH DATA ELEMENTS
- fixed length control field: 220806|| aca||aabn | a|a d
040 ## - CATALOGING SOURCE
- Original cataloging agency: OSt
- Transcribing agency: OSt
100 ## - HEADING--PERSONAL NAME
- Personal name: Nahajan, S. / Kulkarni, M
670 ## - SOURCE DATA FOUND
- Source citation: Work cat.: (OSt)35818: Nahajan, S. / Kulkarni, M., Corporate Accounting, 2014